000 01121nam a2200277 a 4500
008 181016s2007 ||||||||||||||||| || u
020 _a9780521674096
020 _a9780521857406 (hardback)
020 _a0521674093 (pbk.)
020 _a0521857406 (hardback)
050 _aHM 741 Veg
100 _aVega-Redondo, Fernando
245 1 0 _aComplex social networks
_cFernando Vega-Redondo.
260 _aNew York:
_bCambridge University Press
_c2007
300 _axiv, 294 p. : ill. ; 24 cm.
350 _a46.99
490 _aEconometric Society monographs
490 _vno. 44
500 _aIncludes bibliographical references (p. [275]-289) and index.
650 0 _aSOCIAL NETWORKS
650 0 _aSOCIOMETRY
856 _uhttp://www.loc.gov/catdir/enhancements/fy0702/2006030242-d.html
856 _uhttp://www.loc.gov/catdir/enhancements/fy0729/2006030242-b.html
856 _uhttp://www.loc.gov/catdir/enhancements/fy0702/2006030242-t.html
995 _FCBU-MAIN LIBRARY (Kitwe)
_I46.99
_M1
_UAVAILABLE
_WOct 16, 2018
_ZMain Library Open Access Collection
999 _c38162
_d38162